[Event "Mallorca-ch D2"]
[Site "Palma de Mallorca"]
[Date "2000.12.23"]
[Round "8"]
[White "Forteza, Jose Miguel"]
[Black "Simonet Planas, Adrian"]
[Result "1/2-1/2"]
[WhiteElo "1938"]
[BlackElo "1814"]
[PlyCount "74"]
[EventDate "2000.??.??"]
[EventType "swiss"]
[EventRounds "8"]
[EventCountry "ESP"]
[SourceTitle "EXT 2003"]
[Source "ChessBase"]
[SourceDate "2002.11.25"]
[SourceVersion "1"]
[SourceVersionDate "2002.11.25"]
[SourceQuality "1"]

1. c4 e6 2. Nf3 Nf6 3. g3 b6 4. Bg2 Bb7 5. 0-0 c5 6. d3 Nc6 7. Nbd2 Be7 8. b3 0-0 9. Bb2 d5 10. Re1 Qc7 11. a3 d4 12. Nf1 Rad8 13. Qc2 Rfe8 14. Rad1 e5 15. e4 a6 16. Bc1 Na7 17. Nh4 Bc8 18. f4 Bg4 19. Bf3 Bxf3 20. Nxf3 Bd6 21. f5 h6 22. Nh4 b5 23. Qe2 bxc4 24. bxc4 Qe7 25. Nd2 Qf8 26. Ndf3 Nc8 27. Bd2 Nb6 28. Ba5 Rb8 29. Rb1 Nbd7 30. h3 Rxb1 31. Rxb1 Rb8 32. Qd1 Nh5 33. Kg2 Rxb1 34. Qxb1 Qb8 35. Qxb8+ Nxb8 36. Nd2 Kh7 37. Nb3 g6 1/2-1/2

[Event "Mallorca-ch D2"]
[Site "Palma de Mallorca"]
[Date "2000.10.21"]
[Round "1"]
[White "Forteza, Jose Miguel"]
[Black "Oneto, Angel"]
[Result "1-0"]
[WhiteElo "1938"]
[BlackElo "1831"]
[PlyCount "61"]
[EventDate "2000.??.??"]
[EventType "swiss"]
[EventRounds "8"]
[EventCountry "ESP"]
[SourceTitle "EXT 2003"]
[Source "ChessBase"]
[SourceDate "2002.11.25"]
[SourceVersion "1"]
[SourceVersionDate "2002.11.25"]
[SourceQuality "1"]

1. d4 d5 2. Nf3 Nf6 3. c4 c6 4. cxd5 cxd5 5. Nc3 h6 6. Bf4 Bf5 7. Qb3 Qb6 8. Qxb6 axb6 9. e3 Nc6 10. Bb5 Bd7 11. Bc7 Nb4 12. Ke2 Bxb5+ 13. Nxb5 Nd7 14. a3 Nc6 15. Bg3 Ra5 16. a4 e6 17. Rhc1 Nf6 18. Ne5 Be7 19. Nxc6 bxc6 20. Rxc6 0-0 21. Rxb6 Rc8 22. Nc3 Rc4 23. Rb8+ Kh7 24. Rb7 Ng8 25. Kd3 Kg6 26. f3 Bb4 27. Ne2 Be7 28. b3 Rc6 29. b4 Ra8 30. a5 Rac8 31. a6 1-0